| 000 | 00728 a2200205 4500 | ||
|---|---|---|---|
| 001 | 63757 | ||
| 005 | 20260407155937.0 | ||
| 008 | 260407a1993 arg spa d | ||
| 003 | AR-UNSa-BCEJYS | ||
| 040 |
_aAR-UNSa-BCEJYS _bspa _cAR-UNSa-BCEJYS |
||
| 080 |
_a657(083) _xResoluciones Técnicas Contables. Informes |
||
| 245 | 1 | 0 |
_aResolución técnica 11 _pNormas particulares de exposición contable para entes sin fines de lucro |
| 020 | _a978-950-791-016-6 | ||
| 264 | 1 |
_aBuenos Aires : _bEdiciones Interoceánicas _c1993 |
|
| 300 |
_a42 p. _c22 cm. |
||
| 041 | _aspa | ||
| 942 | _cBK | ||
| 590 | _aniveau_biblio:m niveau_hierar:0 | ||
| 100 | 1 | _aFederación Argentina de Consejos Profesionales de Ciencias Económicas (FACPCE) | |
| 999 |
_c8317 _d8317 |
||